000 00365pab a2200169 454500
008 180718b2005 xxu||||| |||| 00| 0 eng d
100 _aSamshath
245 _aImpact of AIDS on women
260 _c2005
300 _ap.9-14.
362 _aDec
650 _aWomen
650 _aAIDS
700 _aVijayapriya, S.
773 _aSocial Welfare
909 _a67998
999 _c67998
_d67998